| 000 | 00454nam a22001691a 4500 | ||
|---|---|---|---|
| 020 | _a9788126425396 | ||
| 082 |
_aM803 _bRAT/B |
||
| 100 | _aRathnakaran Mangad | ||
| 245 |
_aBasheerinu ummini balya oru page/ _cby Rathnakaran Mangad |
||
| 260 |
_aKottayam: _bD C Books, _c2009. |
||
| 300 | _a188p. | ||
| 650 | _aMemoirs Malayalam Literary Persons | ||
| 650 | _aMemoirs Malayalam | ||
| 650 | _aLiterature Malayalam | ||
| 650 | _aLiterature | ||
| 942 | _cBK | ||
| 999 |
_c4192 _d4192 |
||